Ekonomický softvér ako súčasť výučby aplikovanej informatiky

Súčasný stav obsahu vzdelávania na základe dostupných školských vzdelávacích programov, identifikácia a charakterizácia obsahu vzdelávania v predmete aplikovaná informatika a návrh štruktúry tematického celku ekonomický softvér na stredných školách ekonomického zamerania na Slovensku.

Na minha lista:
Detalhes bibliográficos
Autor principal: Pasiar, Ladislav, 1984-
Formato: Capítulo de Livro
Idioma:eslovaco
Assuntos:
Tags: Adicionar Tag
Sem tags, seja o primeiro a adicionar uma tag!

MARC

LEADER 00000nla a2200000 4500
001 0199837
005 20240502083508.0
041 0 |a slo 
044 |a CZ 
245 1 0 |a Ekonomický softvér ako súčasť výučby aplikovanej informatiky  |c Ladislav Pasiar 
520 |a Súčasný stav obsahu vzdelávania na základe dostupných školských vzdelávacích programov, identifikácia a charakterizácia obsahu vzdelávania v predmete aplikovaná informatika a návrh štruktúry tematického celku ekonomický softvér na stredných školách ekonomického zamerania na Slovensku. 
610 2 0 |a školy stredné 
610 2 0 |a školy stredné odborné 
610 2 0 |a predmety učebné 
610 2 0 |a informatika 
610 2 0 |a informatika aplikovaná 
610 2 0 |a softvér 
100 1 |a Pasiar, Ladislav, 1984-